00721 2200253 4500001002100000005001500021035002000036007000300056008004100059020002200100082001000122084001600132100002700148245010300175250001000278260003300288300006200321650001200383700002400395990001200419990001200431990001200443990001200455INLIS00000000000535720200914103036 a0010-0220000075ta200914 b 1 ind  a978-979-29-6127-0 a398.2 a398.2 WIN s0 aWINKANDA, Satria Putra1 aKumpulan Dongeng Negeri Nigeria :bDrum Ajaib /cWinkanda Satria Putra; editor, Th. Arie Prabawati acet.1 aYogyakarta :bRainbow,c2017 av, 76 hlm. :bilus. ;c23 cm.-- Seri Cerita Dongeng Dunia 4aDONGENG0 aARIE, Prabawati Th. a17055 A a17055 B a17055 C a17055 D